000 01083nam a22002417a 4500
003 OSt
005 20260409145310.0
008 260409b |||||||| |||| 00| 0 eng d
020 _a9789914508727
040 _aKenya National Library Service
082 _a232 WAF
100 _aWafula, Robert O.,
_eauthor.
245 _aThe Future of Christology :
_ban expanded view of our place in the universe and its relevance for the third millennium /
_cRobert O. Wafula.
300 _axxii, 599 pages :
_billustrations ;
_c25 cm.
500 _aAuthor holds a doctoral degree (PhD).
520 _aA theological exploration of Christology that examines the nature and role of Jesus Christ within a broader cosmological and philosophical framework, emphasizing humanity's place in the universe and the relevance of Christological thought in the third millennium.
650 _aChristology.
650 _aTheology, Doctrinal.
650 _aPhilosophy and religion.
942 _2ddc
_cBK
_n0
999 _c492081
_d492081